Datum a čas kvízu
41.5
Celkem bodů
Celkový počet nahraných bodů na tomto kvízu bez doplňovacích otázek.
3.
Pořadí na kvízu
Konečné umístění týmu na tomto kvízu.
Zaznamenané odpovědi
| # | Otázka | Odpověď | Body | Výsledky |
|---|---|---|---|---|
| 1. | V sobotu proběhlo první výročí... | 12 | 0 | |
| 2. | Italská policie zabavila minul... | Šeherezáda | 1 | |
| 3. | Jistý kanadský zpěvák nechal s... | Justin Bieber | 1 | |
| 4. | V minulém týdnu se vyrojily sp... | guvernér ČNB | 1 | |
| 5. | Kvůli dešti se neuskutečnilo p... | smetiště FNL | 1 | |
| 6. | V tomto tématu se podíváme na... | Siena (Kateřina Sienská) | 1 | |
| 7. | Jedním z našich národních patr... | Žďár nad Sázavou | 1 | |
| 8. | Jedním z patronů Kypru je muž,... | Lazar | 0 | |
| 9. | Svatý Ivan Rilský byl poustevn... | Bulharska | 0 | |
| 10. | Které evropské světici se někd... | Johance / Janě z Arku | 1 |